| 000 | 01072nmc a2200385 a 4500 | ||
|---|---|---|---|
| 003 | AR-BaBNM | ||
| 005 | 20251128204914.0 | ||
| 008 | 011101s1978 ||||||||||||||000 | spa|| | ||
| 020 | _a84-277-0354-6 | ||
| 040 | _cAR-BaBNM | ||
| 100 | 1 | _aRoberts, Thomas | |
| 245 | 1 | 0 |
_aCuatro psicologías aplicadas a la educación _bbehaviorista/humanística. 2 |
| 250 | _a1ª ed. | ||
| 260 |
_aMadrid _bNarcea _c1978 |
||
| 300 |
_a302 p. _bgráfs. |
||
| 490 | 0 | _aEducación hoy. Estudios | |
| 500 | _aContiene referencias bibliográficas | ||
| 500 | _aContiene índice de autores | ||
| 500 | _aContiene índice temático | ||
| 650 | 4 | _aPSICOLOGIA DE LA EDUCACION | |
| 650 | 4 | _aPSICOANALISIS | |
| 650 | 4 | _aPEDAGOGIA | |
| 650 | 4 | _aCOMPORTAMIENTO | |
| 650 | 4 | _aESCUELAS | |
| 650 | 4 | _aPLANIFICACION DEL CURRICULO | |
| 650 | 4 | _aAFECTIVIDAD | |
| 650 | 4 | _aIMAGINACION | |
| 650 | 4 | _aINTELIGENCIA | |
| 650 | 4 | _aATENCION | |
| 650 | 4 | _aADOLESCENTES | |
| 650 | 4 | _aRELACION ALUMNO-DOCENTE | |
| 700 | 1 |
_aCameno, Aurora _etraductor |
|
| 942 | _cBK | ||
| 998 | _cenrique | ||
| 999 |
_c9276 _d9276 |
||